Romance de José Conde y otros poemas póstumos /
Αποθηκεύτηκε σε:
| Κύριος συγγραφέας: | |
|---|---|
| Άλλοι συγγραφείς: | |
| Μορφή: | Βιβλίο |
| Γλώσσα: | Ισπανικά |
| Έκδοση: |
México :
UAM,
1996, c1996
|
| Σειρά: | (Cuadernos de la Memoria ;
3) |
| Θέματα: | |
| Ετικέτες: |
Δεν υπάρχουν, Καταχωρήστε ετικέτα πρώτοι!
|
MARC
| LEADER | 00000nam^a2200000^a^4500 | ||
|---|---|---|---|
| 001 | 000053822 | ||
| 005 | 20250521000000.0 | ||
| 009 | 20260310090447.989 | ||
| 020 | |a 970-620-938-7 | ||
| 037 | |a Acervo ITESO - Biblioteca | ||
| 041 | |a ESP | ||
| 082 | |a 861. |b GON | ||
| 100 | |a González Rojo, Enrique |e (autor) | ||
| 245 | 1 | 0 | |a Romance de José Conde y otros poemas póstumos / |c E. González Rojo ; estudio de E. González Rojo Arthur. |
| 264 | 4 | |a México : |b UAM, |c 1996, c1996 | |
| 300 | |a 51 p. | ||
| 336 | |a texto |b txt |2 rdacontenido | ||
| 337 | |a sin mediación |b n |2 rdamedio | ||
| 338 | |a volumen |b nc |2 rdasoporte | ||
| 440 | 1 | |a (Cuadernos de la Memoria ; |v 3) | |
| 545 | 0 | |a Hijo del poeta jalisciense Enrique González Martínez, Enrique González Rojo nació en 1899 en Culiacán, Sinaloa y falleció en 1939 en la ciudad de México. Tras colaborar en las publicaciones San-Ev-Ank (1918) y Revista Nueva (1919), González Rojo dirigió la sección literaria del diario El Heraldo de México (1920) y fue jefe del Departamento de Bellas Artes (1923-1924) durante la gestión de José Vasconcelos en la Secretaría de Educación Pública. El puerto y otros poemas (1923), Espacio (1926) y Viviendas en el mar (1927) son sus tres primeros libros, anteriores a su integración en el grupo de los Contemporáneos (1928-1931). González Rojo prosiguió su obra con Romance de José Conde (1939), pero su temprana muerte impidió el total desarrollo de su vocación poética, de la que ofrecería una nueva muestra en la publicación póstuma de Elegías romanas y otros poemas (1941). | |
| 649 | |a XX | ||
| 650 | |a Poesía Mexicana | ||
| 650 | |a Literatura Mexicana - |y Siglo XX | ||
| 650 | |a Literatura Mexicana - |x Historia y Crítica | ||
| 650 | |a González Rojo, Enrique | ||
| 700 | |a González Rojo Arthur, Enrique |e (estudio) | ||
| 910 | |a Fondo General | ||
| 920 | |a Impresos - Libros | ||
| 930 | |a Colección General | ||
| 940 | |a Literatura | ||
| 905 | |a 101 | ||
| 901 | |a 0500012344 |b IT1 |c LIT |u 20250521 | ||
| 902 | |a https://opac.biblio.iteso.mx/vufind/Record/000053822 | ||